000 01055nam a22003137a 4500
001 BR2023002206
003 BR-BrBNA
005 20231213151816.0
008 231213b bl.||||| |||| 00| 0 por d
040 _aBR-BrBNA
_bpor
041 _apor
072 _aC10 ; P01
090 _aC10 BR2023002206
100 _4Moreira, Tereza
110 1 _97411
_aMinistério da Educação, Brasília, DF (Brasil). Secretaria de Educação Continuada, Alfabetização, Diversidade e Inclusão
110 1 _97129
_aMinistério do Meio Ambiente, Brasília, DF (Brasil)
245 _aVamos cuidar do Brasil com escolas sustentáveis: educando-nos para pensar e agir em tempos de mudanças socioambientais globais
260 _aBrasília, DF (Brasil)
_c2012
300 _a50 p.
_bil.
_e1 dvd
500 _a19 ref.; 8 illus.
650 _aEDUCAÇÃO
650 _aESCOLA
650 _aMEIO AMBIENTE
650 _aMUDANÇA SOCIAL
650 _aMUDANÇA CLIMÁTICA
650 _aDESENVOLVIMENTO SUSTENTÁVEL
909 _a202312
_bFernando
942 _cBK
999 _c260005
_d260005